Apuntes para una biblioteca española de libros, folletos y artículos, impresos y manuscritos, relativos al conocimiento y explotación de las riquezas minerales y a las ciencias auxiliares (Record no. 158485)

MARC details
000 -LEADER
campo de control de longitud fija 01764nam a22003135i 4500
001 - NÚMERO DE CONTROL
campo de control 158485
003 - IDENTIFICADOR DE NÚMERO DE CONTROL
campo de control ES-MaACL
005 - FECHA Y HORA DE LA ÚLTIMA TRANSACCIÓN
campo de control 20230906211151.0
008 - DATOS DE LONGITUD FIJA--INFORMACIÓN GENERAL
campo de control de longitud fija 940301m18711872sp |||| | spa d
040 ## - FUENTE DE CATALOGACIÓN
Centro catalogador/agencia de origen AS
Lengua de catalogación spa
080 ## - NÚMERO DE LA CLASIFICACIÓN DECIMAL UNIVERSAL
Número de la Clasificación Decimal Universal 016:549
080 ## - NÚMERO DE LA CLASIFICACIÓN DECIMAL UNIVERSAL
Número de la Clasificación Decimal Universal 016:55
080 ## - NÚMERO DE LA CLASIFICACIÓN DECIMAL UNIVERSAL
Número de la Clasificación Decimal Universal 016:622
100 1# - ENTRADA PRINCIPAL--NOMBRE DE PERSONA
Nombre de persona Maffei, Eugenio.
9 (RLIN) 129333
245 10 - MENCIÓN DEL TÍTULO
Título Apuntes para una biblioteca española de libros, folletos y artículos, impresos y manuscritos, relativos al conocimiento y explotación de las riquezas minerales y a las ciencias auxiliares
Resto del título : comprenden la mineralogía y geología ... la hidrogeología, la química analítica, docimástica y metalúrgica, la legislación y estadística mineras ... concernientes a la península y a nuestras antiguas y actuales posesiones de ultramar : acompañados de reseñas biográficas y de un ligero resumen de la mayor parte de las obras que se citan, /
Mención de responsabilidad, etc. por Eugenio Maffei, y Ramón Rúa Figueroa.
260 ## - PUBLICACIÓN, DISTRIBUCIÓN, ETC.
Lugar de publicación, distribución, etc. Madrid :
Nombre del editor, distribuidor, etc. [s.n.],
Fecha de publicación, distribución, etc. 1871-1872 (
Fabricante Imprenta de J.M. Lapuente)
300 ## - DESCRIPCIÓN FÍSICA
Extensión 2 v. (LXX, 529; 693 p.) ;
Dimensiones 24 cm.
500 ## - NOTA GENERAL
Nota general Obra premiada en la Exposición nacional de Madrid de 1873 y en la internacional de Filadelfia de 1876.
530 ## - NOTA DISPONIBLE DE FORMULARIO FÍSICO ADICIONAL
Nota de formato físico adicional disponible Disponible también en sitio web.
594 ## - Nota al título y mención de responsabilidad
Nota al título y mención de responsabilidad Tít. en antep.: "Bibliografía mineral hispano-americana"
597 ## - NOTA DE DESCRIPCIÓN FÍSICA
NOTA DE DESCRIPCIÓN FÍSICA Antep.
597 ## - NOTA DE DESCRIPCIÓN FÍSICA
NOTA DE DESCRIPCIÓN FÍSICA Texto a dos col.
650 #4 - PUNTO DE ACCESO ADICIONAL DE MATERIA--TÉRMINO DE MATERIA
Término de materia o nombre geográfico como elemento de entrada Mineralogía-
Subdivisión de forma Bibliografías.
9 (RLIN) 149139
650 ## - PUNTO DE ACCESO ADICIONAL DE MATERIA--TÉRMINO DE MATERIA
Término de materia o nombre geográfico como elemento de entrada Geología-
Subdivisión de forma Bibliografías.
9 (RLIN) 149140
650 #4 - PUNTO DE ACCESO ADICIONAL DE MATERIA--TÉRMINO DE MATERIA
Término de materia o nombre geográfico como elemento de entrada Minería-
Subdivisión de forma Bibliografías.
9 (RLIN) 149141
700 1# - ENTRADA AGREGADA--NOMBRE PERSONAL
Nombre de persona Rua Figueroa, Ramón.
9 (RLIN) 100263
852 ## - LOCALIZACIÓN
Ubicación ES-MaACL
Número de control de estantería B-4369-70
Nota libre -- Enc. pasta española
856 ## - LOCALIZACIÓN Y ACCESO ELECTRÓNICOS
Identificador Uniforme de Recursos <a href="http://bibliotecadigitalhispanica.bne.es:80/webclient/DeliveryManager?pid=3084384&custom_att_2=simple_viewer">http://bibliotecadigitalhispanica.bne.es:80/webclient/DeliveryManager?pid=3084384&custom_att_2=simple_viewer</a>
Nota pública Ir a la página
Holdings
Estatus retirado Estado de pérdida Estado de daño No para préstamo Colección Biblioteca de origen Biblioteca actual Ubicación en estantería Fecha de adquisición Total de préstamos Signatura topográfica completa Código de barras Visto por última vez Precio de reemplazo Tipo de ítem Koha
        Colección digital Biblioteca del Ateneo de Madrid Biblioteca del Ateneo de Madrid Sala Pardo Bazán 17/01/2008   B-4369-70 1165881 23/02/2023 23/02/2023 Libro impreso antiguo